[Event "Rubinstein Memorial-A 54th"]
[Site "Polanica Zdroj"]
[Date "2018.08.21"]
[Round "4"]
[White "Zak, Pawel"]
[Black "Budnik, Mateusz"]
[Result "0-1"]
[WhiteElo "1721"]
[BlackElo "2003"]
[PlyCount "92"]
[EventDate "2018.08.18"]
[EventType "swiss"]
[EventRounds "9"]
[EventCountry "POL"]
[SourceTitle "CBM 186 Extra"]
[Source "ChessBase"]
[SourceDate "2018.08.24"]
[SourceVersion "1"]
[SourceVersionDate "2018.08.24"]
[SourceQuality "1"]

1. d4 Nf6 2. Nf3 g6 3. g3 Bg7 4. Bg2 0-0 5. c4 c5 6. 0-0 cxd4 7. Nxd4 Nc6 8. Nc3 Qb6 9. e3 d6 10. b3 Bg4 11. Qd2 a6 12. h3 Bd7 13. Bb2 Rac8 14. Rac1 Rfd8 15. Kh2 Qa5 16. Qe2 Re8 17. Rfd1 Nxd4 18. exd4 b5 19. cxb5 axb5 20. Ba1 b4 21. Ne4 Nd5 22. Nd2 Rxc1 23. Rxc1 Nc3 24. Bxc3 bxc3 25. Nc4 Qa7 26. Rxc3 Bxd4 27. Rc2 Be6 28. Ne3 Qa5 29. Qd3 Bg7 30. Nd5 Bf5 31. Be4 Bxe4 32. Qxe4 e6 33. Ne3 d5 34. Qd3 Rd8 35. Kg2 e5 36. f3 f5 37. Qd2 Qxd2+ 38. Rxd2 d4 39. Nc4 e4 40. Kf1 d3 41. fxe4 fxe4 42. a4 Bh6 43. Rd1 e3 44. Ke1 e2 45. Rb1 Rf8 46. Nd2 Be3 0-1

[Event "Baltic Cup-B 2nd"]
[Site "Darlowko"]
[Date "2018.06.27"]
[Round "4"]
[White "Zak, Pawel"]
[Black "Choinska, Debora"]
[Result "1-0"]
[WhiteElo "1735"]
[BlackElo "1545"]
[PlyCount "83"]
[EventDate "2018.06.24"]
[EventType "swiss"]
[EventRounds "9"]
[EventCountry "POL"]
[SourceTitle "CBM 187 Extra"]
[Source "ChessBase"]
[SourceDate "2018.11.04"]
[SourceVersion "1"]
[SourceVersionDate "2018.11.04"]
[SourceQuality "1"]

1. b4 e5 2. a3 a6 3. Bb2 Nc6 4. c4 d6 5. e3 Bf5 6. Nf3 Nf6 7. Be2 Be7 8. 0-0 0-0 9. Nc3 Ne4 10. Nd5 Nf6 11. Rc1 Re8 12. Nxe7+ Nxe7 13. d4 Ng6 14. dxe5 dxe5 15. Qb3 Qe7 16. c5 Be4 17. Rfd1 Rad8 18. Qc3 Nd5 19. Qc4 Nf6 20. Qc3 Nd5 21. Qb3 Nf6 22. Ng5 Bd5 23. Bc4 Bxc4 24. Qxc4 c6 25. h3 h6 26. Ne4 Nxe4 27. Qxe4 Nf8 28. Qc4 Ng6 29. a4 Rd7 30. b5 axb5 31. axb5 Red8 32. Rxd7 Qxd7 33. bxc6 bxc6 34. Ra1 Qb7 35. Bc3 Rd5 36. e4 Rd8 37. Ra6 Qb1+ 38. Kh2 Qc2 39. Rxc6 Nf4 40. Rd6 Qxf2 41. Rxd8+ Kh7 42. Rd2 1-0

[Event "Polanica Zdroj op-D 47th"]
[Site "Polanica Zdroj"]
[Date "2011.08.24"]
[Round "5"]
[White "Zak, Pawel"]
[Black "Norov, Artem"]
[Result "1-0"]
[WhiteElo "1736"]
[BlackElo "1626"]
[PlyCount "121"]
[EventDate "2011.08.20"]
[EventType "swiss"]
[EventRounds "9"]
[EventCountry "POL"]
[SourceTitle "EXT 2014"]
[Source "ChessBase"]
[SourceDate "2013.11.20"]
[SourceVersion "1"]
[SourceVersionDate "2013.11.20"]
[SourceQuality "1"]

1. b4 c6 2. e3 Qb6 3. a3 a5 4. b5 Nf6 5. c4 d5 6. Nf3 Bg4 7. a4 Nbd7 8. Ba3 Ne5 9. c5 Qd8 10. Be2 Nxf3+ 11. Bxf3 Bxf3 12. Qxf3 e5 13. d4 exd4 14. exd4 Be7 15. Nc3 0-0 16. 0-0 Nd7 17. Qd3 f5 18. b6 Kh8 19. Bc1 Nxc5 20. dxc5 Bxc5 21. Ba3 Qxb6 22. Rab1 Bb4 23. Na2 c5 24. Qxd5 Rad8 25. Qe5 Rde8 26. Qg3 Re2 27. Bb2 Qh6 28. Nc3 Re6 29. Nd5 f4 30. Qf3 b6 31. Bc1 g5 32. Bb2+ Kg8 33. Nc7 Re7 34. Qd5+ Rff7 35. Qd8+ Qf8 36. Qxf8+ Kxf8 37. Nd5 Re6 38. Rfd1 Ke8 39. Nc3 Rfe7 40. Kf1 Rh6 41. Kg1 Rhe6 42. h3 f3 43. gxf3 Kf7 44. Nd5 Rb7 45. Ne3 Kg6 46. Rd8 b5 47. Rg8+ Kh5 48. axb5 Rxb5 49. Bc3 a4 50. Ra8 a3 51. Rxa3 Reb6 52. Bxb4 cxb4 53. Rab3 Rf6 54. Kg2 Rf4 55. Nc2 Rbf5 56. Nxb4 Rc4 57. R1b2 Ra5 58. Nc2 Rac5 59. Ne3 Rf4 60. Rb6 Rc8 61. Ng4 1-0

[Event "Polanica Zdroj op-D 47th"]
[Site "Polanica Zdroj"]
[Date "2011.08.21"]
[Round "2"]
[White "Szymanowski, Igor"]
[Black "Zak, Pawel"]
[Result "1-0"]
[WhiteElo "1540"]
[BlackElo "1736"]
[PlyCount "67"]
[EventDate "2011.08.20"]
[EventType "swiss"]
[EventRounds "9"]
[EventCountry "POL"]
[SourceTitle "EXT 2014"]
[Source "ChessBase"]
[SourceDate "2013.11.20"]
[SourceVersion "1"]
[SourceVersionDate "2013.11.20"]
[SourceQuality "1"]

1. e4 c5 2. Nf3 d6 3. d4 cxd4 4. Nxd4 Nf6 5. Nc3 g6 6. Be3 Bg7 7. f3 Nc6 8. Qd2 0-0 9. 0-0-0 Bd7 10. g4 Rc8 11. h4 Ne5 12. Be2 Qa5 13. Kb1 Nc4 14. Bxc4 Rxc4 15. h5 b5 16. hxg6 fxg6 17. Qh2 Rf7 18. Nd5 Bh8 19. Nxf6+ Bxf6 20. g5 Bxd4 21. Rxd4 Be6 22. Rxc4 Bxc4 23. b3 Be6 24. f4 Qc3 25. Qf2 a5 26. Bd4 Qc6 27. Qe3 d5 28. f5 Bc8 29. Rh6 e5 30. Bxe5 Qe8 31. Qd4 Re7 32. Qxd5+ Kf8 33. Bd6 Bb7 34. Qxb7 1-0

[Event "Polanica Zdroj op-B 46th"]
[Site "Polanica Zdroj"]
[Date "2010.08.22"]
[Round "5"]
[White "Szymanowski, Igor"]
[Black "Zak, Pawel"]
[Result "0-1"]
[WhiteElo "1395"]
[BlackElo "1747"]
[PlyCount "70"]
[EventDate "2010.08.18"]
[EventType "swiss"]
[EventRounds "9"]
[EventCountry "POL"]
[SourceTitle "CBM 138 Extra"]
[Source "ChessBase"]
[SourceDate "2010.10.29"]
[SourceVersion "1"]
[SourceVersionDate "2010.10.29"]
[SourceQuality "1"]

1. e4 c5 2. Nf3 d6 3. d4 cxd4 4. Nxd4 Nf6 5. Nc3 g6 6. Be3 Bg7 7. f3 0-0 8. Qd2 Nc6 9. 0-0-0 Bd7 10. g4 Rc8 11. h4 Ne5 12. h5 Qa5 13. Be2 Nc4 14. Bxc4 Rxc4 15. hxg6 fxg6 16. Nb3 Qc7 17. Rh2 b5 18. Rdh1 b4 19. Nd5 Nxd5 20. Qxd5+ e6 21. Qd2 Rxf3 22. Qe2 Rf8 23. Rxh7 Rc8 24. Na1 Rxe4 25. Qh2 Bb5 26. Rh8+ Kf7 27. Rf1+ Bxf1 28. Qf2+ Ke7 29. Rh7 Ke8 30. Rh4 Qf7 31. Qd2 Qf6 32. Qh2 Qxb2+ 33. Kd2 Qc3+ 34. Kd1 Qxa1+ 35. Kd2 Bc3# 0-1

[Event "Polanica Zdroj op-B 45th"]
[Site "Polanica Zdroj"]
[Date "2009.08.19"]
[Round "2"]
[White "Zak, Pawel"]
[Black "Szolc, Grzegorz"]
[Result "0-1"]
[WhiteElo "1792"]
[BlackElo "1644"]
[PlyCount "107"]
[EventDate "2009.08.18"]
[EventType "swiss"]
[EventRounds "10"]
[EventCountry "POL"]
[SourceTitle "CBM 131 Extra"]
[Source "ChessBase"]
[SourceDate "2009.09.03"]
[SourceVersion "2"]
[SourceVersionDate "2009.09.16"]
[SourceQuality "1"]

1. f4 d5 2. Nf3 c5 3. e3 Nf6 4. Be2 e6 5. 0-0 Be7 6. d3 0-0 7. Nbd2 Qb6 8. c4 Nc6 9. Kh1 Rd8 10. h3 Qc7 11. b3 dxc4 12. Nxc4 b5 13. Nce5 Bb7 14. Bb2 Nd5 15. Qc1 f6 16. Ng4 a6 17. e4 Nxf4 18. Qe3 Nxe2 19. Qxe2 Rd7 20. e5 f5 21. Nf6+ gxf6 22. exf6 Bf8 23. Qxe6+ Rf7 24. Qxf5 Bh6 25. Qxc5 Qg3 26. Qf2 Qxf2 27. Rxf2 Rd8 28. Rd1 Be3 29. Rff1 Bd4 30. Bxd4 Nxd4 31. Ng5 Rff8 32. Rf4 h6 33. f7+ Kg7 34. Rxd4 hxg5 35. Rg4 Kxf7 36. Rxg5 Rg8 37. Rxg8 Rxg8 38. Rd2 Kf6 39. Re2 Rg3 40. Rd2 Rxh3+ 41. Kg1 Rg3 42. Kh2 Rg6 43. Re2 Kf5 44. g3 Rh6+ 45. Kg1 Rh1+ 46. Kf2 Rh2+ 47. Ke3 Rxe2+ 48. Kxe2 Ke5 49. Ke3 Bd5 50. g4 Be6 51. d4+ Kd5 52. g5 Bf5 53. b4 Bg6 54. a3 0-1

[Event "Polanica Zdroj op-C 44th"]
[Site "Polanica Zdroj"]
[Date "2008.08.27"]
[Round "9"]
[White "Zak, Pawel"]
[Black "Nowacki, Krzysztof"]
[Result "1-0"]
[WhiteElo "1790"]
[BlackElo "1608"]
[PlyCount "28"]
[EventDate "2008.08.19"]
[EventType "swiss"]
[EventRounds "9"]
[EventCountry "POL"]
[SourceTitle "CBM 126 Extra"]
[Source "ChessBase"]
[SourceDate "2008.11.05"]
[SourceVersion "1"]
[SourceVersionDate "2008.11.05"]
[SourceQuality "1"]

1. f4 d5 2. g3 Bf5 3. Nf3 Nf6 4. Bg2 Qc8 5. h3 Ne4 6. g4 Bxg4 7. hxg4 Qxg4 8. 0-0 h5 9. d3 f6 10. Nh2 Qe6 11. f5 Qd6 12. Bxe4 dxe4 13. Nc3 e6 14. Nxe4 Qc6 1-0

[Event "Polanica Zdroj op-C 44th"]
[Site "Polanica Zdroj"]
[Date "2008.08.25"]
[Round "7"]
[White "Zak, Pawel"]
[Black "Ziemba, Artur"]
[Result "1-0"]
[WhiteElo "1790"]
[BlackElo "1443"]
[PlyCount "67"]
[EventDate "2008.08.19"]
[EventType "swiss"]
[EventRounds "9"]
[EventCountry "POL"]
[SourceTitle "CBM 126 Extra"]
[Source "ChessBase"]
[SourceDate "2008.11.05"]
[SourceVersion "1"]
[SourceVersionDate "2008.11.05"]
[SourceQuality "1"]

1. b4 e5 2. a3 d5 3. Bb2 f6 4. Nf3 Be6 5. e3 Bd6 6. Be2 Ne7 7. 0-0 0-0 8. d3 Nd7 9. c4 c6 10. Nc3 Qe8 11. Rc1 Qg6 12. Kh1 Rac8 13. cxd5 cxd5 14. Qb3 f5 15. Nb5 Bb8 16. d4 a6 17. Nc3 e4 18. Ng1 f4 19. exf4 Bxf4 20. Ra1 Qh6 21. g3 Bb8 22. Bc1 Qg6 23. b5 a5 24. a4 Nf6 25. Ba3 Rf7 26. b6 Nf5 27. Nb5 Qh6 28. Rac1 Nh5 29. Rxc8+ Bxc8 30. Qxd5 Nfxg3+ 31. fxg3 Nxg3+ 32. Kg2 Nxf1 33. Qd8+ Rf8 34. Qxf8# 1-0

[Event "Polanica Zdroj op-C 44th"]
[Site "Polanica Zdroj"]
[Date "2008.08.24"]
[Round "6"]
[White "Karpinski, Bartlomiej"]
[Black "Zak, Pawel"]
[Result "1-0"]
[WhiteElo "1850"]
[BlackElo "1790"]
[PlyCount "71"]
[EventDate "2008.08.19"]
[EventType "swiss"]
[EventRounds "9"]
[EventCountry "POL"]
[SourceTitle "CBM 126 Extra"]
[Source "ChessBase"]
[SourceDate "2008.11.05"]
[SourceVersion "1"]
[SourceVersionDate "2008.11.05"]
[SourceQuality "1"]

1. e4 c5 2. Nf3 d6 3. c3 Nf6 4. Bd3 Nc6 5. Bc2 Bg4 6. d3 e6 7. 0-0 Be7 8. Nbd2 0-0 9. Re1 Nd7 10. h3 Bh5 11. Nf1 Nde5 12. g4 Nxf3+ 13. Qxf3 Bg6 14. Ng3 Bg5 15. Qe2 Bxc1 16. Raxc1 Qh4 17. Kg2 Kh8 18. Rf1 f5 19. f4 Rae8 20. Rcd1 e5 21. Nxf5 Bxf5 22. gxf5 exf4 23. Qf2 Qg5+ 24. Kh2 g6 25. Qxf4 Qxf4+ 26. Rxf4 gxf5 27. Rdf1 Ne7 28. Ba4 Rd8 29. exf5 Nd5 30. Re4 Rf6 31. Bb3 Nb6 32. Re7 Rd7 33. Re8+ Kg7 34. Rg1+ Kh6 35. Re4 Rxf5 36. Re6+ 1-0

[Event "Polanica Zdroj op-C 44th"]
[Site "Polanica Zdroj"]
[Date "2008.08.20"]
[Round "2"]
[White "Mazalon, Mateusz"]
[Black "Zak, Pawel"]
[Result "0-1"]
[WhiteElo "1666"]
[BlackElo "1790"]
[PlyCount "88"]
[EventDate "2008.08.19"]
[EventType "swiss"]
[EventRounds "9"]
[EventCountry "POL"]
[SourceTitle "CBM 126 Extra"]
[Source "ChessBase"]
[SourceDate "2008.11.05"]
[SourceVersion "1"]
[SourceVersionDate "2008.11.05"]
[SourceQuality "1"]

1. e4 c5 2. Nf3 d6 3. c3 Nf6 4. Bd3 Nc6 5. Bc2 Bg4 6. 0-0 e6 7. d3 Be7 8. Nbd2 0-0 9. h3 Bh5 10. Re1 Nd7 11. g4 Bg6 12. Nf1 h6 13. Ng3 b5 14. d4 cxd4 15. cxd4 Rc8 16. a4 a6 17. Bd3 Nb4 18. axb5 axb5 19. Bf4 e5 20. Be3 exd4 21. Nxd4 Nxd3 22. Qxd3 b4 23. Ndf5 Ne5 24. Qe2 Nc4 25. Bd4 Bf6 26. Rad1 Bxf5 27. Nxf5 g6 28. Bxf6 Qxf6 29. Nxd6 Nxd6 30. e5 Qe6 31. Rxd6 Qb3 32. e6 fxe6 33. Rxe6 Qc2 34. Qe3 Rf7 35. Qb6 Rg7 36. Re8+ Kh7 37. Qxb4 Rxe8 38. Rxe8 Qd1+ 39. Re1 Qf3 40. Qc3 Qf4 41. Re8 Qa4 42. Rd8 Qe4 43. Qf6 Qe1+ 44. Kh2 Qb4 0-1

[Event "Polanica Zdroj op-C 43rd"]
[Site "Polanica Zdroj"]
[Date "2007.08.25"]
[Round "9.7"]
[White "Szelest, Malgorzata"]
[Black "Zak, Pawel"]
[Result "1/2-1/2"]
[WhiteElo "1845"]
[BlackElo "1816"]
[PlyCount "58"]
[EventDate "2007.08.17"]
[EventType "swiss"]
[EventRounds "9"]
[EventCountry "POL"]
[SourceTitle "CBM 120 Extra"]
[Source "ChessBase"]
[SourceDate "2007.11.01"]
[SourceVersion "1"]
[SourceVersionDate "2007.11.01"]
[SourceQuality "1"]

1. f4 e5 2. d3 d6 3. e4 Nc6 4. Nf3 Bg4 5. Be2 Be7 6. 0-0 Qd7 7. c3 0-0-0 8. b4 exf4 9. Bxf4 h5 10. a4 Bxf3 11. Bxf3 g5 12. Be3 g4 13. Be2 Rf8 14. d4 f5 15. Bb5 a6 16. Bd3 fxe4 17. Bxe4 d5 18. Bd3 Nh6 19. b5 Nb8 20. bxa6 Nxa6 21. Rxf8+ Bxf8 22. Qf1 Qd6 23. Bf4 Qc6 24. Bb5 Qf6 25. Qe2 Bd6 26. Bxd6 Qxd6 27. Nd2 Nb8 28. Nb3 c6 29. Bd3 Nd7 1/2-1/2